1511 1223 1109 1720 1158 1399 1742 1484 1365 1561 1721 1001 1453 1200 1237 1419 1248 1268 1347 1700 1004 1128 1826 1154 1324 1353 1216 1697 1068 1910 1611 1054 1972 1215 1310 1824 1013 1060 1566 1030 1930 1935 1738 1816 1529 1112 1054 1999 1490 1345 1129 1114 1121 1983 1389 1577 1395 1464 1143 1940 1004 1812 1218 1085 1023 1508 1599 1296 1797 1408 1291 1505 1497 1820 1249 1311 1811 1313 1933 1737 1829 1109 1867 1148 1685 1850 1542 1663 1324 1679 1242 1827 1112 1081 1538 1000 1062 1795 1516 BCNSPRNW ULIB Ver.6.0+V

เปลี่ยนเป็นภาษาไทย

Change to English
 แสดงรายละเอียดบรรณานุกรม
  กลับหน้าหลัก

Brief Record : Get Marc (ISO 2709) : E-mail record : QR code < ปิดหน้าต่าง
LEADER : 00000nam 2200000uu 4500
001    13399111392
003     ULIB
008    110623s||||||||th 000 0 tha d
020    9749461622 (ล.1)
020    9789749461624
050  4 BQ336^bต398ค ล.1 2551
100 0  นัท ฮันห์,^cติช
245 10 คือเมฆสีขาว ทางก้าวเก่าแก่ เล่ม1/^cติช นัท ฮันห์, เขียน ; รสนา โตสิตระกูล, สันติสุข โสภณสิริ, แปล
250    พิมพ์ครั้งที่ 4
260    กรุงเทพฯ :^bมูลนิธิโกมลคีมทอง,^c2551
300    3 เล่ม :^bภาพประกอบ ;^c21 ซม.
650  7 พระพุทธเจ้า
700 0  รสนา โตสิตระกูล,^eผู้แปล
700 0  สันติสุข โสภณสิริ,^eผู้แปล
945    ^p180^l0^i024879
995    ทศพร
999 ^a ใช้งานได้ทุกระบบ
รายการนี้ยังไม่มีแท็ก
คุณยังไม่ได้ล็อกอิน คุณสามารถมีกิจกรรมร่วมกับเว็บไซต์ได้ แต่ต้องล็อกอินก่อน ::
  ล็อกอิน

รายการสื่อสารสนเทศ

ลำดับที่ ประเภท เลขเรียก/บาร์โค้ด สถานที่ สถานะ
- ไม่พบข้อมูล -

รายการใกล้เคียง
    หัวเรื่อง [พระพุทธเจ้า]

BibComment


ยังไม่เคยถูกคอมเมนท์

คอมเมนท์ทรัพยากรรายการนี้
  คอมเมนท์: คือเมฆสีขาว ทางก้..


 Copyright 2026. Bcnsprnw @Library